| 000 | 00353cam a22001337a 4500 | ||
|---|---|---|---|
| 008 | 180718b1975 xxu||||| |||| 00| 0 eng d | ||
| 082 | _aT4125 D227 | ||
| 100 | _aDaniel, W.W. | ||
| 245 |
_aThe PEP survey on inflation _cby W.W. Daniel |
||
| 260 |
_aLondon _bPEP _c1975 |
||
| 300 | _axi, 60p. | ||
| 440 | _aVol.XLI, Broadsheet no.553 | ||
| 650 | _aInflation | ||
| 999 |
_c441204 _d441204 |
||